| 000 | 00435nam a2200157 a 4500 | ||
|---|---|---|---|
| 020 | _a0806503645 (pbk) | ||
| 082 |
_a102 _bGIB _cD |
||
| 100 | 1 |
_aGibran, Kahlil _910190 |
|
| 245 | _aSpirits rebellious | ||
| 260 |
_aNew York : _bPhilosophical Library , _c1947 |
||
| 300 | _a120p. | ||
| 526 |
_a0 _b0 _c0 _d102_000000000000000_GIB |
||
| 650 | 0 |
_aArabic Literature -- History and Criticism _937003 |
|
| 650 | 0 |
_aMCE _9379 |
|
| 942 |
_2ddc _cBK |
||
| 999 |
_c541925 _d541925 |
||